Christopher Nolan Movies - Statistics

General Stats
  • This quiz has been taken 130 times
    92 since last reset
  • The average score is 10 of 12
Answer Stats
Year Answer % Correct
2008 The Dark Knight
93%
2014 Interstellar
90%
2023 Oppenheimer
89%
2010 Inception
87%
2020 Tenet
87%
2000 Memento
84%
2005 Batman Begins
83%
2012 The Dark Knight Rises
83%
2017 Dunkirk
79%
2006 The Prestige
74%
2002 Insomnia
71%
1998 Following
60%
No matching quizzes found
Score Distribution
Percent of People with Each Score
Percentile by Number Answered
Your Score History
You have not taken this quiz since the last reset